000 01747nam0a22003731 4500
001 rc\2208827
005 20260406170552.0
035 _a(NLR Aleph) 006695713
090 _a5191877
_c5191877
100 _a20110829d1979 |||y0rusy50 ca
101 0 _arus
102 _aRU
105 _aa z |||||
200 1 _aПовышение рентабельности и материальное стимулирование колхозно-совхозного производства в Киргизии
_f[Б. Аламанов, С. Базаркулов, С. Бейшеналиева, Р.М. Орлова
_gОтв. ред. А.У. Орузбаев]
210 _aФрунзе
_cИлим
_d1979
215 _a141 с., 1 л. табл.
_d21
300 _aВ надзаг.: АН КиргССР, Ин-т экономики
300 _aАвт. указаны на 5-й с.
320 _aБиблиогр.: с. 137-140
606 _aЭкономическое стимулирование сельскохозяйственного производства
_yКиргССР
_2psbo
606 _aСельскохозяйственные предприятия
_xРентабельность
_yКиргССР
_2psbo
701 1 _aБейшеналиева
_bС.
701 1 _aОрлова
_bР.М.
701 1 _aБазаркулов
_bС.
701 1 _aАламанов
_bБ.А.
702 1 _aОрзбаев
_bА.У.
_gАсангалий Умурзакович
_4340
712 0 2 _aИнститут экономики
_cФрунзе
_9370620
_3RU\NLR\AUTH\889937905
801 0 _aRU
_bNLR
_gpsbo
801 1 _aRU
_bELAR
_2rusmarc
852 _aNLR
_j79-5/3373
899 _aRuMoRGB
_jБ 79-13/445
899 _aRuMoRGB
_jБ 79-13/446
942 _cBOOK
980 _aNB